Which is the best move?: (Record no. 153563)

MARC details
000 -LEADER
fixed length control field 00565nam a22001937a 4500
003 - CONTROL NUMBER IDENTIFIER
control field dpl
005 - DATE AND TIME OF LATEST TRANSACTION
control field 20190215170512.0
008 - FIXED-LENGTH DATA ELEMENTS--GENERAL INFORMATION
fixed length control field 180706b xxu||||| |||| 00| 0 eng d
020 ## - INTERNATIONAL STANDARD BOOK NUMBER
International Standard Book Number 8174784373
Terms of availability 150.00
035 ## - SYSTEM CONTROL NUMBER
System control number B-128676, B-128701
040 ## - CATALOGING SOURCE
Original cataloging agency DPL
Language of cataloging EN
Transcribing agency 0
082 ## - DEWEY DECIMAL CLASSIFICATION NUMBER
Classification number 794.1
100 ## - MAIN ENTRY--PERSONAL NAME
Personal name Radhakrishnan, P
245 ## - TITLE STATEMENT
Title Which is the best move?:
Remainder of title End game study/
Statement of responsibility, etc by P Radhakrishnan
260 ## - PUBLICATION, DISTRIBUTION, ETC. (IMPRINT)
Place of publication, distribution, etc Chennai
Name of publisher, distributor, etc Sura Books Pvt Ltd
Date of publication, distribution, etc N.A
300 ## - PHYSICAL DESCRIPTION
Extent xii;, 380p;
Dimensions 23cm.ill;
500 ## - GENERAL NOTE
General note including appendix
942 ## - ADDED ENTRY ELEMENTS (KOHA)
Source of classification or shelving scheme Dewey Decimal Classification
Koha item type English Books
Classification part 794.1
Call number suffix RAD
Holdings
Withdrawn status Lost status Source of classification or shelving scheme Damaged status Not for loan Collection code Home library Current library Date acquired Source of acquisition Cost, normal purchase price Total Checkouts Full call number Barcode Date last seen Date checked out Cost, replacement price Price effective from Koha item type Total Renewals
    Dewey Decimal Classification     Non-fiction Patel Nagar Patel Nagar 06/07/2018 BPPD/Pub 150.00 1 794.1 RAD B-128676 15/01/2019 29/12/2018 150.00 06/07/2018 English Books  
    Dewey Decimal Classification     Non-fiction Sarojini Nagar Sarojini Nagar 10/04/2019     2 794.1 RAD B-128687 31/07/2024 18/07/2024   10/04/2019 English Books 2
    Dewey Decimal Classification     Non-fiction Vigyan Vihar Vigyan Vihar 15/02/2019 BPPD/PUB 150.00   794.1 RAD B-128701 15/02/2019   150.00 15/02/2019 English Books  

© Delhi Public Library
Hit Counter
free hit counter